[Event "European Rapid 2022"]
[Site "Katowice POL"]
[Date "2022.12.18"]
[Round "11.36"]
[White "Hjartarson, Johann"]
[Black "Vardanyan, Aras"]
[Result "1-0"]
[WhiteTitle "GM"]
[BlackTitle "CM"]
[WhiteElo "2476"]
[BlackElo "2271"]
[WhiteFideId "2300044"]
[BlackFideId "12808792"]
[EventDate "2022.12.17"]

1. c4 e5 2. g3 Nf6 3. Bg2 d5 4. cxd5 Nxd5 5. Nf3 Nc6 6. O-O Bc5 7. Nc3 O-O 8. d3
Bb6 9. Bd2 Re8 10. Rc1 Bg4 11. h3 Bh5 12. a3 a5 13. Na4 Ra6 14. Nc5 Bxc5 15.
Rxc5 Rb6 16. Qc1 Bxf3 17. Bxf3 Nd4 18. Qc4 Nxf3+ 19. exf3 Rd6 20. Rxa5 Nb6 21.
Qe4 Rxd3 22. Be3 Rb3 23. Bxb6 cxb6 24. Rxe5 Rxe5 25. Qxe5 h6 26. f4 Qd7 27. h4
Qc6 28. Re1 Qc5 29. Qxc5 bxc5 30. Re8+ Kh7 31. Re2 c4 32. Rc2 b5 33. h5 g6 34.
hxg6+ Kxg6 35. Kg2 h5 36. Kh3 Kf5 37. Rd2 Ke4 38. Kh4 Rd3 39. Re2+ Kf3 40. Rc2
Rd5 41. a4 bxa4 42. Rxc4 Ra5 43. Rc2 Rb5 44. Rc4 Ra5 45. Rc7 Rf5 46. Ra7 Kxf2
47. Rxa4 Rb5 48. Ra3 Kg2 49. b4 Kf2 50. Rc3 Kg2 51. Rb3 Kf2 52. f5 1-0

[Event "European Rapid 2022"]
[Site "Katowice POL"]
[Date "2022.12.18"]
[Round "11.37"]
[White "Molenda, Marcin"]
[Black "Kirk, Ezra"]
[Result "0-1"]
[WhiteTitle "FM"]
[BlackTitle "IM"]
[WhiteElo "2381"]
[BlackElo "2432"]
[WhiteFideId "1173065"]
[BlackFideId "600067"]
[EventDate "2022.12.17"]

1. e4 c5 2. Nf3 Nc6 3. Bb5 e6 4. O-O Nge7 5. c3 a6 6. Ba4 b5 7. Bc2 d5 8. d4
cxd4 9. Nxd4 Nxd4 10. Qxd4 Nc6 11. Qe3 d4 12. Qg3 h5 13. a4 h4 14. Qd3 b4 15.
Rd1 Bc5 16. a5 h3 17. Qc4 Rh5 18. Ba4 Bd7 19. cxd4 Nxd4 20. Bxd7+ Qxd7 21. Nd2
hxg2 22. b3 Qd6 0-1

[Event "European Rapid 2022"]
[Site "Katowice POL"]
[Date "2022.12.18"]
[Round "11.38"]
[White "Maier, Christian"]
[Black "Cramling, Pia"]
[Result "0-1"]
[WhiteTitle "IM"]
[BlackTitle "GM"]
[WhiteElo "2315"]
[BlackElo "2463"]
[WhiteFideId "4601955"]
[BlackFideId "1700030"]
[EventDate "2022.12.17"]

1. e4 c5 2. Nf3 e6 3. b4 b6 4. bxc5 bxc5 5. Nc3 Nc6 6. Rb1 d6 7. Bb5 Bd7 8. d4
Nxd4 9. Nxd4 cxd4 10. Qxd4 Nf6 11. O-O Be7 12. Ba3 e5 13. Qd3 O-O 14. Bxd6 Bxd6
15. Qxd6 Bxb5 16. Qxd8 Rfxd8 17. Rxb5 Rac8 18. Nd5 Rxc2 19. Nxf6+ gxf6 20. Ra5
Rd4 21. Rxa7 Rxe4 22. h3 Ree2 23. g4 e4 24. Ra3 Kg7 25. Re3 Rxa2 26. Rxe2 Rxe2
27. Rb1 e3 28. fxe3 Rxe3 29. Kg2 Kg6 30. Rb5 Re5 31. Rb8 h5 32. Kg3 Re3+ 33. Kh4
hxg4 34. hxg4 f5 35. Rb6+ f6 36. Rb5 Re5 37. gxf5+ Kxf5 38. Rb6 Re3 39. Ra6 Ke5
40. Ra5+ Kf4 41. Ra4+ Re4 42. Ra6 f5 43. Ra5 Kf3+ 44. Kg5 0-1

[Event "European Rapid 2022"]
[Site "Katowice POL"]
[Date "2022.12.18"]
[Round "11.39"]
[White "Klekowski, Maciej"]
[Black "Wyss, Jonas"]
[Result "1-0"]
[WhiteTitle "GM"]
[BlackTitle "FM"]
[WhiteElo "2477"]
[BlackElo "2222"]
[WhiteFideId "1132717"]
[BlackFideId "1311387"]
[EventDate "2022.12.17"]

1. c4 e5 2. Nc3 Bb4 3. Qb3 a5 4. Nf3 d6 5. e3 Nf6 6. a3 Bxc3 7. Qxc3 Nc6 8. d4
exd4 9. Nxd4 Nxd4 10. Qxd4 O-O 11. Be2 a4 12. O-O Re8 13. f3 b6 14. e4 Ra5 15.
Bd2 Rh5 16. Bd1 Bd7 17. Bc3 Rg5 18. f4 Rg6 19. Bf3 Bg4 20. f5 Rg5 21. h4 Bxf3
22. hxg5 Rxe4 23. Qd3 Be2 24. Bxf6 Qa8 25. Qg3 Rg4 26. Qh3 gxf6 27. Rf2 Qe4 28.
Re1 Rh4 29. Rfxe2 Qd4+ 30. Qe3 Qg4 31. gxf6 h5 32. Qe8+ 1-0

[Event "European Rapid 2022"]
[Site "Katowice POL"]
[Date "2022.12.18"]
[Round "11.40"]
[White "Gaehwiler, Gabriel"]
[Black "Tisaj, Domen"]
[Result "0-1"]
[WhiteTitle "IM"]
[BlackTitle "FM"]
[WhiteElo "2408"]
[BlackElo "2396"]
[WhiteFideId "1314530"]
[BlackFideId "14628708"]
[EventDate "2022.12.17"]

1. d4 Nf6 2. Nf3 e6 3. g3 d5 4. c4 Be7 5. Bg2 O-O 6. Nc3 Nbd7 7. O-O dxc4 8. Qa4
Nb6 9. Qc2 c5 10. Rd1 cxd4 11. Rxd4 Nfd5 12. Bf4 Bf6 13. Be5 Bxe5 14. Nxe5 Qf6
15. Rh4 g6 16. Nxc4 Nxc3 17. Nxb6 Nxe2+ 18. Qxe2 axb6 19. Rb4 e5 20. Qe3 Ra6 21.
a3 Rd8 22. Re1 Rd6 23. Rc1 Bf5 24. Bxb7 Ra7 25. Be4 Rad7 26. Bxf5 Qxf5 27. Re1
Rd2 28. Rxb6 R7d3 29. Rb8+ Kg7 30. Qc5 Rd1 31. Qf8+ Kf6 32. Rb6+ Kg5 33. Qe7+ f6
34. h4+ Kg4 35. Qb4+ Kh3 36. Kf1 Qf3 0-1

[Event "European Rapid 2022"]
[Site "Katowice POL"]
[Date "2022.12.18"]
[Round "11.41"]
[White "Cukrowski, Filip"]
[Black "Larkin, Vladyslav"]
[Result "1-0"]
[WhiteTitle "FM"]
[BlackTitle "IM"]
[WhiteElo "2402"]
[BlackElo "2452"]
[WhiteFideId "1171097"]
[BlackFideId "14152894"]
[EventDate "2022.12.17"]

1. d4 Nc6 2. e4 d5 3. e5 Bf5 4. a3 Qd7 5. Nc3 f6 6. f4 Nh6 7. Be2 e6 8. Nf3 Bg4
9. Be3 Be7 10. O-O O-O 11. h3 Bxf3 12. Bxf3 Nf5 13. Bf2 fxe5 14. fxe5 Bh4 15.
Ne2 Bxf2+ 16. Rxf2 Qe7 17. Qd3 Qh4 18. c3 Nce7 19. Raf1 h5 20. Qd2 Nh6 21. g3
Qxh3 22. Rh2 Qf5 23. Rxh5 Qf7 24. Kg2 c6 25. Nf4 Nef5 26. Be2 Qe8 27. g4 Ne7 28.
Qd3 c5 29. Rg5 1-0

[Event "European Rapid 2022"]
[Site "Katowice POL"]
[Date "2022.12.18"]
[Round "11.42"]
[White "Subelj, Jan"]
[Black "Sotsky, Alexander"]
[Result "1-0"]
[WhiteTitle "IM"]
[BlackTitle "IM"]
[WhiteElo "2492"]
[BlackElo "2333"]
[WhiteFideId "14618583"]
[BlackFideId "4130715"]
[EventDate "2022.12.17"]

1. e4 e6 2. d4 d5 3. e5 c5 4. c3 Bd7 5. Nf3 f5 6. Be2 Qb6 7. O-O Nh6 8. dxc5
Bxc5 9. b4 Be7 10. Be3 Qc7 11. Bxh6 gxh6 12. Qd2 Nc6 13. Re1 O-O-O 14. Bf1 Bg5
15. Qe2 Kb8 16. a4 Be8 17. h4 Be7 18. Na3 Bh5 19. Nb5 Qd7 20. Qe3 Bxf3 21. Qxf3
Bxh4 22. Rad1 Qg7 23. c4 d4 24. g3 Rhg8 25. Bg2 Be7 26. c5 f4 27. Qxf4 Rdf8 28.
Qe4 Rxf2 29. Kxf2 Qxg3+ 30. Kg1 Bg5 31. Nxd4 Bf4 32. Nxc6+ Kc7 33. Nd4 Qh2+ 34.
Kf1 1-0

[Event "European Rapid 2022"]
[Site "Katowice POL"]
[Date "2022.12.18"]
[Round "11.43"]
[White "Vega Gutierrez, Sabrina"]
[Black "Blohberger, Felix"]
[Result "1-0"]
[WhiteTitle "IM"]
[BlackTitle "GM"]
[WhiteElo "2361"]
[BlackElo "2490"]
[WhiteFideId "2219026"]
[BlackFideId "1632051"]
[EventDate "2022.12.17"]

1. e4 c6 2. d4 d5 3. exd5 cxd5 4. Bd3 Nf6 5. c3 Bg4 6. Ne2 Nc6 7. Bf4 e6 8. O-O
Bd6 9. Bxd6 Qxd6 10. Qe1 Bxe2 11. Qxe2 O-O 12. Nd2 e5 13. dxe5 Nxe5 14. Nf3 Rfe8
15. Rfe1 Nxf3+ 16. Qxf3 Qb6 17. Re2 g6 18. Rae1 Rxe2 19. Rxe2 Kg7 20. h3 Rd8 21.
Qf4 Re8 22. Rxe8 Nxe8 23. Qe5+ Nf6 24. c4 Qa6 25. Qd4 Qxa2 26. g4 h6 27. h4 g5
28. hxg5 hxg5 29. Qe5 Qa1+ 30. Kg2 Qc1 31. cxd5 Qd2 32. Be4 Qf4 33. Qxf4 gxf4
34. d6 Kf8 35. Kf3 b6 36. Bc6 Nh7 37. Kxf4 f6 38. Kf5 Kf7 39. f4 Nf8 40. g5 fxg5
41. fxg5 a5 42. Bb5 1-0

[Event "European Rapid 2022"]
[Site "Katowice POL"]
[Date "2022.12.18"]
[Round "11.44"]
[White "Marn, Jan"]
[Black "Ondozi, Murtez"]
[Result "1-0"]
[WhiteTitle "FM"]
[BlackTitle "FM"]
[WhiteElo "2332"]
[BlackElo "2406"]
[WhiteFideId "14619245"]
[BlackFideId "937576"]
[EventDate "2022.12.17"]

1. d4 d5 2. Nf3 Bf5 3. e3 c6 4. Bd3 Bxd3 5. Qxd3 Nf6 6. O-O e6 7. Nbd2 Nbd7 8.
e4 dxe4 9. Nxe4 Nxe4 10. Qxe4 Nf6 11. Qe2 Bd6 12. h3 h6 13. c3 O-O 14. a4 Qc7
15. Be3 c5 16. dxc5 Bxc5 17. Bxc5 Qxc5 18. a5 a6 19. Rfd1 Rfd8 20. Qe5 Rd5 21.
Rxd5 Nxd5 22. Qd4 Rc8 23. Qxc5 Rxc5 24. g3 Kf8 25. Kf1 Ke7 26. Ke2 Kd6 27. Kd3
Ne7 28. b4 Rf5 29. Ke2 Nc6 30. Rd1+ Rd5 31. Rxd5+ Kxd5 32. Kd3 e5 33. Nd2 f5 34.
f3 g6 35. g4 h5 36. Ke3 Nd8 37. c4+ Kd6 38. gxh5 gxh5 39. f4 Ne6 40. fxe5+ Kxe5
41. Nf3+ Kf6 42. h4 Ke7 43. Nd4 Nxd4 44. Kxd4 Kd6 45. b5 Ke6 46. bxa6 bxa6 47.
c5 Kd7 48. Ke5 Kc6 49. Kxf5 Kb5 50. Kg5 Kxa5 51. Kxh5 Kb5 52. Kg6 a5 53. h5 a4
54. h6 Kxc5 55. h7 Kb4 56. h8=Q a3 57. Qa1 1-0

[Event "European Rapid 2022"]
[Site "Katowice POL"]
[Date "2022.12.18"]
[Round "11.45"]
[White "Warszawski, Bartosz"]
[Black "Kuzmicz, Krystian"]
[Result "0-1"]
[BlackTitle "IM"]
[WhiteElo "2160"]
[BlackElo "2466"]
[WhiteFideId "1110799"]
[BlackFideId "1119125"]
[EventDate "2022.12.17"]

1. e4 c5 2. Nf3 Nc6 3. Nc3 e6 4. d4 cxd4 5. Nxd4 Nf6 6. Nxc6 bxc6 7. Bd3 d5 8.
O-O Be7 9. Qe2 O-O 10. b3 Nd7 11. Bb2 Nc5 12. Rad1 Nxd3 13. Qxd3 a5 14. Rfe1 Ba6
15. Qg3 Bf6 16. e5 Bh4 17. Qg4 Qg5 18. Qh3 Qe7 19. Rd4 Bg5 20. Rg4 f5 21. exf6
Bxf6 22. Rxe6 Qf7 23. Rxf6 Qxf6 24. Nd1 Rae8 25. f4 Re1+ 26. Kf2 Rf1+ 27. Kg3 d4
28. Nf2 Bc8 0-1

[Event "European Rapid 2022"]
[Site "Katowice POL"]
[Date "2022.12.18"]
[Round "11.46"]
[White "Luczak, Filip"]
[Black "Gunnarsson, Arnar"]
[Result "1-0"]
[WhiteTitle "FM"]
[BlackTitle "IM"]
[WhiteElo "2326"]
[BlackElo "2406"]
[WhiteFideId "1193686"]
[BlackFideId "2300915"]
[EventDate "2022.12.17"]

1. b3 d5 2. Bb2 c5 3. e3 Nc6 4. Nf3 Nf6 5. Bb5 Bd7 6. O-O e6 7. d3 Bd6 8. Nbd2
O-O 9. e4 Bc7 10. Re1 d4 11. a4 a6 12. Bxc6 Bxc6 13. Ba3 Nd7 14. b4 e5 15. bxc5
Re8 16. Qb1 Bxa4 17. Qxb7 Bxc2 18. Ng5 Rb8 19. Nxf7 Rxb7 20. Nxd8 Rxd8 21. c6
Rb5 22. Be7 Re8 23. cxd7 Rxe7 24. Rec1 Rxd7 25. Rxc2 a5 26. Kf1 Bd6 27. Rc8+ Kf7
28. Nc4 Bb4 29. Ra8 Bc3 30. Ra2 Kg6 31. Ke2 Rdb7 32. Ra6+ Kg5 33. Kf3 Kh4 34.
Re6 Rf7+ 35. Ke2 Rb1 36. f3 Rh1 37. Rxe5 Rxh2 38. Kf2 Rf6 39. Kg1 Rxf3 40. Kxh2
Rxd3 41. Rf5 g5 42. Ne5 Rd1 43. Nf3+ Kg4 44. Rxg5+ Kf4 45. e5 d3 46. e6 d2 47.
Rd5 Re1 48. Nxd2 Rxe6 49. Nf3 Bb4 50. Rd4+ Ke3 51. Rh4 Rc6 52. Re2+ Kd3 53. Ne5+
Kxe2 54. Nxc6 Bd6+ 55. Kh3 1-0

[Event "European Rapid 2022"]
[Site "Katowice POL"]
[Date "2022.12.18"]
[Round "11.47"]
[White "Povilaitis, Tomas"]
[Black "Hunt, Harriet V"]
[Result "0-1"]
[BlackTitle "IM"]
[WhiteElo "2038"]
[BlackElo "2348"]
[WhiteFideId "12811700"]
[BlackFideId "403512"]
[EventDate "2022.12.17"]

1. e4 c5 2. Nc3 Nc6 3. Bb5 Nd4 4. Bc4 e6 5. Nge2 Nf6 6. O-O a6 7. d3 b5 8. Bb3
Nxb3 9. axb3 Bb7 10. f4 b4 11. Nb1 d5 12. e5 Nd7 13. Ng3 g6 14. Nd2 Bg7 15. Qg4
h5 16. Qh3 h4 17. Nh1 Qb6 18. Nf2 Bf8 19. Nf3 Be7 20. Bd2 Rh5 21. Kh1 Rc8 22. c3
a5 23. Be3 Ba6 24. Rfd1 Bb5 25. c4 Bc6 26. d4 Qc7 27. dxc5 dxc4 28. bxc4 Nxc5
29. Nd4 Ra8 30. b3 Kf8 31. Nxc6 Qxc6 32. Bxc5 Bxc5 33. Ng4 Kg7 34. Nf6 Rhh8 35.
Qf3 Qxf3 36. gxf3 Be3 37. f5 gxf5 38. Rd7 h3 39. Rad1 a4 40. bxa4 Rxa4 41. R7d3
Ra3 42. f4 Rxd3 43. Rxd3 Bxf4 44. Nd7 Ra8 45. Rxh3 Ra3 46. Rxa3 bxa3 47. Nc5
Bxe5 48. Nb3 a2 49. c5 a1=Q+ 50. Nxa1 Bxa1 51. Kg2 Be5 52. Kf3 Bxh2 0-1

[Event "European Rapid 2022"]
[Site "Katowice POL"]
[Date "2022.12.18"]
[Round "11.48"]
[White "Kyc, Jerzy"]
[Black "Zochowski, Kacper"]
[Result "1/2-1/2"]
[BlackTitle "FM"]
[WhiteElo "2230"]
[BlackElo "2256"]
[WhiteFideId "1163922"]
[BlackFideId "1125494"]
[EventDate "2022.12.17"]

1. e4 d6 2. Nf3 Nf6 3. Nc3 e5 4. d4 Nbd7 5. Bc4 Be7 6. O-O O-O 7. Re1 c6 8. Bf1
Re8 9. g3 Bf8 10. Bg2 b5 11. d5 cxd5 12. Nxd5 Bb7 13. Nxf6+ Nxf6 14. Bg5 h6 15.
Bxf6 Qxf6 16. Nd2 Be7 17. c3 Bd8 18. Nf1 Bb6 19. Ne3 Red8 20. Qe2 Bxe3 21. Qxe3
Qe6 22. a4 Qb3 23. axb5 Qxb2 24. Bf1 Rdc8 25. c4 Qb4 26. Red1 a6 27. Qb6 Bxe4
28. Rxa6 Qb3 29. Be2 Rxa6 30. Qxa6 Rxc4 31. Qxd6 Rc2 32. Bh5 Qe6 33. Qxe6 fxe6
34. f3 Bd5 35. Rb1 Kf8 36. b6 Rc8 37. Kf2 Ke7 38. Ke3 Kd6 39. Bg6 Rc3+ 40. Bd3
Bb7 41. Kd2 Rc8 42. Be4 Bd5 43. Kd3 Rb8 44. b7 Kc6 45. Rc1+ Kxb7 46. Rb1+ Kc7
47. Rxb8 Kxb8 48. Ke3 Kc7 49. h4 g5 50. hxg5 hxg5 51. Bg6 Kd6 52. f4 exf4+ 53.
gxf4 g4 54. Kf2 e5 1/2-1/2

[Event "European Rapid 2022"]
[Site "Katowice POL"]
[Date "2022.12.18"]
[Round "11.49"]
[White "Czernek, Tymon"]
[Black "Grinev, Valeriy"]
[Result "0-1"]
[WhiteTitle "FM"]
[BlackTitle "IM"]
[WhiteElo "2302"]
[BlackElo "2425"]
[WhiteFideId "1199510"]
[BlackFideId "14117517"]
[EventDate "2022.12.17"]

1. e4 c5 2. Nf3 e6 3. d4 cxd4 4. Nxd4 a6 5. Bd3 Bc5 6. Nb3 Be7 7. O-O d6 8. f4
Nf6 9. Nc3 Nbd7 10. a4 b6 11. Be3 Bb7 12. Qe2 Qc7 13. Rad1 O-O 14. Kh1 Rfd8 15.
Bf2 Bf8 16. Bg3 g6 17. f5 exf5 18. exf5 Re8 19. Qd2 Ng4 20. fxg6 hxg6 21. Rde1
Nde5 22. Be4 Nc4 23. Qf4 Bxe4 24. Nxe4 f5 25. h3 Bh6 26. Ng5 Nge3 27. Rf3 Re4
28. Nxe4 Bxf4 29. Nf6+ Kf7 30. Bxf4 Kxf6 31. Bxe3 Re8 32. Bg5+ Kf7 33. Rxe8 Kxe8
34. Nd4 Qc5 35. c3 Ne5 36. Re3 Qc4 37. Nf3 Qxa4 38. Nxe5 dxe5 39. Rxe5+ Kd7 40.
Re7+ Kd6 41. Rg7 Qa1+ 42. Kh2 Qxb2 43. Rxg6+ Kd5 44. h4 a5 45. Bf6 Qe2 46. Rg5
a4 47. h5 Qe6 48. Rg6 a3 49. Bd4 Qe2 50. Rg5 a2 51. h6 Qe7 52. Rxf5+ Kc4 53. Bf6
Qd6+ 54. Kh3 a1=Q 0-1

[Event "European Rapid 2022"]
[Site "Katowice POL"]
[Date "2022.12.18"]
[Round "11.50"]
[White "Varvadoukas, Theodoros"]
[Black "Uruci, Endrit"]
[Result "0-1"]
[BlackTitle "FM"]
[WhiteElo "2109"]
[BlackElo "2297"]
[WhiteFideId "4210735"]
[BlackFideId "22100199"]
[EventDate "2022.12.17"]

1. c4 Nf6 2. Nf3 e6 3. g3 d5 4. Bg2 Be7 5. O-O O-O 6. d4 c6 7. Qc2 b6 8. b3 Bb7
9. Rd1 Nbd7 10. Bb2 Rc8 11. Nc3 h6 12. e4 dxe4 13. Qxe4 0-1

[Event "European Rapid 2022"]
[Site "Katowice POL"]
[Date "2022.12.18"]
[Round "11.51"]
[White "Kozak, Antoni"]
[Black "Morkunas, Gustas"]
[Result "1-0"]
[BlackTitle "FM"]
[WhiteElo "2422"]
[BlackElo "2110"]
[WhiteFideId "21832030"]
[BlackFideId "12831026"]
[EventDate "2022.12.17"]

1. d4 d6 2. Nf3 Nf6 3. c4 g6 4. Nc3 Bg7 5. e4 O-O 6. h3 e5 7. d5 a5 8. Bg5 h6 9.
Be3 Na6 10. g4 Nd7 11. a3 Nb6 12. Qc2 Nc5 13. Be2 a4 14. Nd2 Bd7 15. h4 f5 16.
gxf5 gxf5 17. O-O-O f4 18. Bxc5 dxc5 19. Rdg1 Kh7 20. Qd1 Qe7 21. Bg4 Nc8 22.
Bxd7 Qxd7 23. Rg2 Qf7 24. Rhg1 Bf6 25. Nxa4 b6 26. h5 Nd6 27. Nc3 Rg8 28. Rg6
Bg5 29. Rxg8 Rxg8 30. Qf3 Bf6 31. Rg4 Rg5 32. Rxg5 hxg5 33. Qg4 Kh6 34. Nb5 Qxh5
35. Qe6 Qf7 36. Nxc7 Qxe6 37. dxe6 Nc8 38. Nd5 Kg6 39. f3 Be7 40. Nf1 Kh5 41.
Nh2 Kh4 42. Ng4 Bd6 43. Kd2 Kg3 44. Ke2 Kh4 45. Nh6 Kh5 46. Nf5 Kg6 47. Kf2 Bb8
48. Kg2 Nd6 49. Nxd6 Bxd6 50. Kh3 Bb8 51. Kg4 Bd6 52. a4 Bb8 53. Nxb6 Bd6 54.
Nd5 Bb8 55. a5 1-0

[Event "European Rapid 2022"]
[Site "Katowice POL"]
[Date "2022.12.18"]
[Round "11.52"]
[White "Psyk, Radoslaw"]
[Black "Grzesik, Gracjan"]
[Result "1-0"]
[WhiteElo "2438"]
[BlackElo "2148"]
[WhiteFideId "1182838"]
[BlackFideId "1194593"]
[EventDate "2022.12.17"]

1. e4 c5 2. Be2 Nc6 3. d3 g6 4. f4 Bg7 5. Nf3 e6 6. O-O Nge7 7. c3 O-O 8. Be3 d6
9. d4 cxd4 10. cxd4 f5 11. e5 Nd5 12. Qd2 Nxe3 13. Qxe3 Qb6 14. Nbd2 d5 15. Nb3
Qd8 16. Rac1 Rf7 17. h4 Rc7 18. h5 Qe7 19. hxg6 hxg6 20. Kf2 b6 21. Rh1 Bd7 22.
Ng5 Rac8 23. Ba6 Rb8 24. Qh3 Be8 25. Qh7+ Kf8 26. Qh8+ Bxh8 27. Rxh8+ Kg7 28.
Rch1 1-0

[Event "European Rapid 2022"]
[Site "Katowice POL"]
[Date "2022.12.18"]
[Round "11.53"]
[White "Zimina, Olga"]
[Black "Heldt, Nils-Lennart"]
[Result "1-0"]
[WhiteTitle "IM"]
[WhiteElo "2295"]
[BlackElo "2070"]
[WhiteFideId "4132190"]
[BlackFideId "12952109"]
[EventDate "2022.12.17"]

1. d4 d5 2. Nf3 Nf6 3. c4 c6 4. Qc2 dxc4 5. Qxc4 Nbd7 6. g3 Qa5+ 7. Bd2 Qd5 8.
Qc2 Nb6 9. Nc3 Qf5 10. Qc1 Qh5 11. h3 Nbd5 12. Bg2 Nxc3 13. bxc3 Qb5 14. a4 Qa6
15. Ne5 g6 16. a5 Bg7 17. Qa3 O-O 18. O-O Be6 19. Rfe1 Nd5 20. e4 Nc7 21. Bf1 b5
22. axb6 Qxb6 23. Reb1 Nb5 24. Qxe7 Rfe8 25. Qh4 Qc7 26. Ng4 Nd6 27. Nh6+ Bxh6
28. Bxh6 f5 29. e5 Nf7 30. Bc1 a5 31. Bg2 a4 32. Qf4 Red8 33. Ba3 Rab8 34. Qc1
Rb3 35. Bc5 Ra8 36. Rxb3 Bxb3 37. c4 Re8 38. Qc3 Qd7 39. Re1 Qe6 40. Rc1 Rd8 41.
Qb4 g5 42. Qb6 Bxc4 43. Qxc6 Rc8 44. Qxa4 Nxe5 45. dxe5 Rxc5 46. Bf1 Bb3 47.
Qa8+ 1-0

[Event "European Rapid 2022"]
[Site "Katowice POL"]
[Date "2022.12.18"]
[Round "11.54"]
[White "Gvetadze, Sofio"]
[Black "Baum, Jonasz"]
[Result "1/2-1/2"]
[WhiteTitle "IM"]
[BlackTitle "IM"]
[WhiteElo "2298"]
[BlackElo "2420"]
[WhiteFideId "13601440"]
[BlackFideId "1195360"]
[EventDate "2022.12.17"]

1. Nf3 d5 2. g3 Nd7 3. Bg2 e5 4. d3 Ngf6 5. O-O Bd6 6. Nbd2 O-O 7. e4 c6 8. Re1
Re8 9. c3 a5 10. Qc2 b6 11. Nf1 Ba6 12. Bg5 h6 13. Bxf6 Nxf6 14. Rad1 Qc7 15.
Nh4 Rad8 16. h3 Bc5 17. exd5 cxd5 18. d4 Bxd4 19. Ne3 Bxe3 20. fxe3 g6 21. Qf2
Kg7 22. Kh2 Re6 23. Bf3 Bc4 24. a3 Nh7 25. Qc2 Rf6 26. b3 e4 27. bxc4 exf3 28.
cxd5 Qe5 29. e4 Ng5 30. Rd2 Rc8 31. c4 Kh7 32. Rf2 Rf4 33. Qb2 Qxb2 34. Rxb2
Rxe4 35. Rxe4 Nxe4 36. Nxf3 Rxc4 37. Ne5 Rd4 38. Rxb6 Rd2+ 39. Kg1 Rxd5 40. Nxf7
Kg7 41. Rb7 Nxg3 42. Kg2 Nf5 43. Ng5+ Kf6 44. Nh7+ Ke5 45. Nf8 Rd2+ 46. Kf3 Rd3+
47. Ke2 Rxa3 48. Nxg6+ Ke4 49. h4 Ra2+ 50. Kd1 a4 51. Rb4+ Ke3 52. Ne5 a3 53.
Rb3+ Kd4 54. Nc6+ Kc5 55. Rc3+ Kb5 56. Kc1 Ra1+ 57. Kc2 Nxh4 58. Kb3 Nf5 59.
Na7+ Ka6 60. Nc6 Kb6 61. Nb4 Nd4+ 62. Ka4 a2 63. Ra3 Nb5 64. Nc2 Rb1 65. Rh3 Rb2
66. Rxh6+ Kc7 67. Rh7+ Kd6 68. Na1 Rb1 69. Rh2 Rxa1 70. Kb3 Nd4+ 71. Kb2 Rb1+
72. Kxa2 Rb8 73. Rh5 Kc6 74. Ka3 Ne6 75. Ka2 Nc5 76. Ka3 Rb3+ 77. Ka2 Rb4 78.
Rh8 Ne6 79. Ka3 Rb7 80. Rh5 Nf4 81. Rf5 Nd5 82. Rf8 Kc5 83. Rh8 Ne3 84. Rc8+ Kd4
85. Ka4 Nd5 86. Rh8 Kc3 87. Rh3+ Kc4 88. Rh4+ Kc5 89. Rh8 Rb1 90. Ka3 Ne3 91.
Rc8+ Kd4 92. Ka2 Rb7 93. Rh8 Kc3 94. Rh3 Re7 95. Kb1 Rb7+ 96. Ka2 Kd2 97. Rh2+
Kd3 98. Rh3 Kd4 99. Rh4+ Kc3 100. Rh3 Rb2+ 101. Ka3 Re2 102. Ka4 Kc4 103. Rh4+
Kc5 104. Re4 Kd5 105. Re8 Kc4 106. Rc8+ Kd4 107. Kb3 Nd5 108. Rd8 Rd2 109. Rh8
Rd3+ 110. Kb2 Rg3 111. Rd8 Rg7 112. Kc2 Rb7 113. Rd6 Rb8 114. Rd7 Kc4 115. Rh7
Ne3+ 116. Kd2 Nf5 117. Rc7+ Kd4 118. Rd7+ Ke4 119. Ra7 Rc8 120. Rh7 Nd4 121.
Rh4+ Kd5 122. Kd3 Nf5 123. Ra4 Rc5 124. Ra8 Rb5 125. Rd8+ Nd6 126. Rd7 Rb3+ 127.
Kc2 Rh3 128. Rd8 Kc5 129. Rg8 Kd4 130. Rd8 Rh6 131. Kb3 Kc5 132. Rg8 Rh3+ 133.
Kc2 Ne4 134. Rc8+ Kd4 135. Rd8+ Kc4 136. Rc8+ Nc5 137. Kd2 Rf3 138. Ke2 Rf7 139.
Ke3 Kd5 140. Rd8+ Rd7 141. Rxd7+ Nxd7 1/2-1/2

[Event "European Rapid 2022"]
[Site "Katowice POL"]
[Date "2022.12.18"]
[Round "11.55"]
[White "Czarnecka, Lidia"]
[Black "Tazbir, Marcin"]
[Result "0-1"]
[WhiteTitle "WCM"]
[BlackTitle "GM"]
[WhiteElo "2018"]
[BlackElo "2508"]
[WhiteFideId "21807531"]
[BlackFideId "1122452"]
[EventDate "2022.12.17"]

1. e4 c5 2. Nf3 d6 3. d4 Nf6 4. Nc3 cxd4 5. Nxd4 a6 6. Bc4 e6 7. Bb3 Nbd7 8. Bg5
Nc5 9. f4 h6 10. Bh4 Be7 11. Qf3 Qc7 12. O-O Rg8 13. f5 g5 14. fxg6 Rxg6 15. Bg3
b5 16. Rae1 Bb7 17. a3 Nxb3 18. Nxb3 Kf8 19. Kh1 Kg8 20. Nd4 Rf8 21. Nde2 e5 22.
Ng1 Qd7 23. Qe2 Qg4 24. Rf3 Nh5 25. Ref1 Ng7 26. Rd3 f5 27. Qxg4 Rxg4 28. Nd5
Bd8 29. Nc3 Rg6 30. Rdf3 f4 31. Bf2 Ne6 32. Re1 Be7 33. Rd3 Rc8 34. Re2 Kf7 35.
Nf3 Nc5 36. Rd1 Ke6 37. Bh4 Bf8 38. Bf2 Rg7 39. Nh4 Rgc7 40. Ng6 Bg7 41. Red2
Nxe4 42. Nxe4 Bxe4 43. Rxd6+ Kf7 44. Nh4 Rxc2 45. Rd7+ Kg8 46. Bg1 Rxb2 47. Ra7
Rb1 48. Rdd7 Bf8 49. Rac7 Rxc7 50. Rxc7 Bxa3 0-1

[Event "European Rapid 2022"]
[Site "Katowice POL"]
[Date "2022.12.18"]
[Round "11.57"]
[White "Fiedorek, Michal"]
[Black "Kazakouski, Valery"]
[Result "0-1"]
[WhiteTitle "FM"]
[BlackTitle "GM"]
[WhiteElo "2303"]
[BlackElo "2539"]
[WhiteFideId "1199528"]
[BlackFideId "13507443"]
[EventDate "2022.12.17"]

1. e4 e5 2. Nf3 Nc6 3. Bb5 a6 4. Ba4 Nf6 5. O-O Be7 6. Re1 b5 7. Bb3 O-O 8. a4
b4 9. c3 Rb8 10. d3 bxc3 11. bxc3 d6 12. Nbd2 Be6 13. Bc4 Qc8 14. a5 Bxc4 15.
Nxc4 Rb5 16. Qc2 Qe6 17. Bd2 Rfb8 18. Rab1 Nxe4 19. Rxb5 axb5 20. Rxe4 bxc4 21.
Rxc4 Nxa5 22. Rxc7 Bd8 23. Ra7 Bb6 24. Ng5 Qb3 25. Qxb3 Nxb3 26. Ra2 Nxd2 27.
Rxd2 h6 28. Ne4 d5 29. Ng3 Ba5 30. Rc2 Rb3 31. Ne2 Rb1+ 32. Rc1 Rxc1+ 33. Nxc1
Bxc3 34. Kf1 f5 35. Ke2 Kf7 36. h3 Ke6 37. g4 g6 38. gxf5+ gxf5 39. Kf3 e4+ 40.
Ke2 Ke5 41. f3 Bb2 42. Nb3 exd3+ 43. Kxd3 Kf4 44. Nd2 Kg3 45. Ke2 Kxh3 46. Nf1
f4 47. Nd2 Kg2 48. Nb3 h5 49. Nc5 Bd4 50. Nd3 Be3 51. Nb4 d4 52. Nd3 h4 53. Ne1+
Kg1 0-1